O politike sníval od mladosti, opúšťa ju ako hrdina

Bibliographic Details
Main Author: Surgoš, Miloslav (Author)
Format: Article
Language:Slovak
PhysicalDescription:Fotogr.
ISSN:1335-4051
Subjects:

MARC

LEADER 00000nab a2200000 a 4500
001 vtls000858698
003 SK-MaSNL
005 20260302171702.0
008 170412c2003 xo 0 slo
015 |a SNBRB2004/01-01179 
035 |a CLN000210346 
040 |a SNKBUCL  |b slo  |c SNKBUCL  |e AACR2 
041 0 |a slo 
044 |a xo  |c SK 
080 |a 328.1(71)-051  |2 UDC-MRF-SK2 
080 |a 32-051  |2 UDC-MRF-SK2 
100 1 |a Surgoš, Miloslav  |4 aut  |9 510726 
245 1 0 |a O politike sníval od mladosti, opúšťa ju ako hrdina  |c Miloslav Surgoš 
300 |b Fotogr. 
600 1 7 |a Chrétien, Jean Joseph-Jacques  |x odchod z politiky  |2 snkbucl  |9 876295 
655 7 |a články z novín a časopisov  |2 snkbucl  |9 267496 
773 0 |x 1335-4051  |t Pravda  |g Roč. 13, č. 282 (9.12.2003), s.6 
850 |a Slovenská národná knižnica v Martine 
852 |a SNK  |b KIS3GCP 
958 |a RBX 
958 |a CA 
999 |c 1396608  |d 1398538